International Railway economics (Record no. 47472)

MARC details
000 -LEADER
fixed length control field 00741nam a2200205 a 4500
008 - FIXED-LENGTH DATA ELEMENTS--GENERAL INFORMATION
fixed length control field 120416s1985 ||||||||||||||||| || u
020 ## - INTERNATIONAL STANDARD BOOK NUMBER
International Standard Book Number 0566008548
050 ## - LIBRARY OF CONGRESS CALL NUMBER
Classification number HE 1621.157 Int
100 ## - MAIN ENTRY--PERSONAL NAME
Personal name Pitfield, D. E., 1949-
245 10 - TITLE STATEMENT
Title International Railway economics
Statement of responsibility, etc. edited by K. J. Button
246 ## - VARYING FORM OF TITLE
Title proper/short title studies in management and efficiency
260 ## - PUBLICATION, DISTRIBUTION, ETC.
Place of publication, distribution, etc. Aldershot, Hants, England
Name of publisher, distributor, etc. Gower
Date of publication, distribution, etc. 1985
300 ## - PHYSICAL DESCRIPTION
Extent xv, 330p. : ill
350 ## - PRICE (NR) (BK AM CF MU VM SE) [OBSOLETE]
Price 0.00
500 ## - GENERAL NOTE
General note Bibliography
650 ## - SUBJECT ADDED ENTRY--TOPICAL TERM
Topical term or geographic name entry element RAILROADS--MANAGEMENT
650 ## - SUBJECT ADDED ENTRY--TOPICAL TERM
Topical term or geographic name entry element TRANSPORTATION
700 ## - ADDED ENTRY--PERSONAL NAME
Personal name Button, Kenneth John
995 ## - RECOMMENDATION 995 [LOCAL, UNIMARC FRANCE]
-- 0.00
-- CBU-MAIN LIBRARY (Kitwe)
-- 1
-- 24.00
-- 1
-- AVAILABLE
-- Main Library Open Access Collection
Holdings
Withdrawn status Lost status Source of classification or shelving scheme Damaged status Not for loan Home library Current library Shelving location Date acquired Total Checkouts Full call number Barcode Date last seen Price effective from Koha item type
          CBU-MAIN LIBRARY, KITWE. CBU-MAIN LIBRARY, KITWE.   11/30/2022   HE 1621.157 Int 004810 11/30/2022 11/30/2022 MONOGRAPH